Appunti di teologia pastorale per la scuola ed il ministero. (Record n. 1)

Dettagli MARC
000 -LEADER
fixed length control field 00644cam a2200217u 4500
001 - CONTROL NUMBER
control field 8908384
003 - CONTROL NUMBER IDENTIFIER
control field OSt
005 - DATE AND TIME OF LATEST TRANSACTION
control field 20220918175246.0
008 - FIXED-LENGTH DATA ELEMENTS--GENERAL INFORMATION
fixed length control field 810311s1960 xx 000 0 ita
010 ## - LIBRARY OF CONGRESS CONTROL NUMBER
LC control number 62033396
040 ## - CATALOGING SOURCE
Original cataloging agency DLC
Transcribing agency CarP
Modifying agency DLC
050 00 - LIBRARY OF CONGRESS CALL NUMBER
Classification number BX1913
Item number .A4 1960
100 1# - MAIN ENTRY--PERSONAL NAME
Personal name Alberione, Giacomo Giuseppe,
Dates associated with a name 1884- [from old catalog]
9 (RLIN) 228
245 00 - TITLE STATEMENT
Title Appunti di teologia pastorale per la scuola ed il ministero.
250 ## - EDITION STATEMENT
Edition statement 3. ed.
260 ## - PUBLICATION, DISTRIBUTION, ETC. (IMPRINT)
Place of publication, distribution, etc. [Alba]
Name of publisher, distributor, etc. Edizioni paoline
Date of publication, distribution, etc. [1960]
300 ## - PHYSICAL DESCRIPTION
Extent p. cm.
650 #0 - SUBJECT ADDED ENTRY--TOPICAL TERM
Topical term or geographic name as entry element Pastoral theology
General subdivision Catholic Church.
9 (RLIN) 229
906 ## - LOCAL DATA ELEMENT F, LDF (RLIN)
a 0
b cbc
c premunv
d u
e ncip
f 19
g y-gencatlg
942 ## - ADDED ENTRY ELEMENTS (KOHA)
Source of classification or shelving scheme Dewey Decimal Classification
Koha item type LIBRO
Dati di copia
Withdrawn status Lost status Source of classification or shelving scheme Damaged status Not for loan Home library Current library Date acquired Total Checkouts Date last seen Price effective from Koha item type
    Dewey Decimal Classification Buone Condizioni Not For Loan PAULUS-BIBLIOTECA PAULUS-BIBLIOTECA 26/09/2022   26/09/2022 26/09/2022 LIBRO
CREDITS: SOCIETA' SAN PAOLO Via A.Severo, 58 - ROMA (RM) & PERIODICI SAN PAOLO SRL Via Giotto, 36 MILANO & CISF Via Giotto, 36 MILANO & EDIZIONI SAN PAOLO SRL,  Piazza Soncino, 5 CINISELLO BALSAMO (MI) -- ITALY